| 000 | 01002cam a22003017a 4500 | ||
|---|---|---|---|
| 003 | CHAP | ||
| 005 | 20220817041824.0 | ||
| 008 | 971013s1976 r 00010 d | ||
| 010 | _a25577 | ||
| 011 | _a26549 | ||
| 035 | _a30650 | ||
| 040 | _cCHAP | ||
| 090 | _aFolleto 5012 | ||
| 110 |
_aInstituto para el Mejoramiento de la Producción de Azúcar. México _959422 |
||
| 245 | 1 | 3 | _aEl cultivo de la caña de azúcar en la región central de Veracruz |
| 260 |
_aMéxico, D.F. : _bEl Instituto, _c1976 |
||
| 300 |
_a35 p. _b: ilus |
||
| 490 | 0 |
_aSerie recomendaciones. Folleto _v; 5 |
|
| 590 |
_aBATCH-UPD _b10 _c20130110 _lUCH01 _h2057 |
||
| 590 |
_aBATCH-UPD _b10 _c20130410 _lUCH01 _h1409 |
||
| 590 |
_aBATCH-UPD _b10 _c20130914 _lUCH01 _h0835 |
||
| 590 |
_aCONVERSION _b10 _c20130109 _lUCH01 _h1315 |
||
| 650 | 1 | 4 |
_aCaña de azúcar _zVeracruz. _918672 |
| 830 | 0 |
_aSerie recomendaciones. Folleto _v; 5 |
|
| 901 | _aBK | ||
| 942 | _cFOLL | ||
| 949 |
_aFolleto 5012 _bBC _cFOLL _d-70991 _eTS1 _i30650 _mD _si |
||
| 999 |
_c25577 _d25577 |
||